000 00813na a2200253 4500
001 19759
003 MIRAKIL
005 20181213154814.0
008 161226b tu 000 0
020 _a9789754048711
040 _aMilas
_btur
_cTR-AnCHP
041 _atur
082 _a378.561
_bİ77 2010
090 _a378.561 İ77 2010
100 _aAkça, Yusuf
245 _aİstanbul Üniversitesi Bilgi Bankası
_b=Istanbul University database
_cYusuf Akça, Aylin Aktükün
260 _aİstanbul
_bİstanbul Üniversitesi Basım Yayınevi Müdürlüğü
_c2010
300 _a367 s.
_btbl. res.
_c26 sm.
610 _aİstanbul Üiveristesi
_xBilgi bankası
_zTürkiye
650 _aYükseköğrenim
_zTürkiye
650 _aÜniversiteler
_zTürkiye
700 _aAktükün, Aylin
942 _2ddc
_cBKS
999 _c1160
_d1160